[Event "Russian Blitz Internet Cup Superfinal"]
[Site "chessassistantclub.com INT"]
[Date "2004.12.28"]
[Round "5"]
[White "Bologan,V"]
[Black "Vlassov,N"]
[Result "1/2-1/2"]
[WhiteElo "2669"]
[BlackElo "2492"]

1.e4 d5 2.exd5 Nf6 3.d4 Bg4 4.Nf3 Qxd5 5.Be2 Nc6 6.Nc3 Qa5 7.Bd2 O-O-O 8.O-O Bxf3
9.Bxf3 Nxd4 10.Be3 e5 11.Bxd4 exd4 12.Ne4 Nxe4 13.Bxe4 Bd6 14.Qf3 c6 15.b4 Qe5
16.g3 Rdf8 17.Rfe1 Qf6 18.Qg4+ Kc7 19.b5 c5 20.Bg2 Re8 21.Qh5 g5 22.Bd5 Qg6
23.Qf3 g4 24.Qa3 Kb6 25.Bxb7 Kxb7 26.Qa6+ Kb8 27.b6 axb6 28.Qxb6+ Kc8 29.Qc6+ Kd8
30.Qa8+ Kd7 31.Qa4+ Kd8 32.Qa8+ Kd7 33.Qa4+ Kd8 34.Qa8+  1/2-1/2

[Event "Russian Blitz Internet Cup Superfinal"]
[Site "chessassistantclub.com INT"]
[Date "2004.12.28"]
[Round "7"]
[White "Bologan,V"]
[Black "Sakaev,K"]
[Result "0-1"]
[WhiteElo "2669"]
[BlackElo "2669"]

1.e4 c5 2.Nf3 d6 3.d4 cxd4 4.Nxd4 Nf6 5.Nc3 a6 6.Be3 Ng4 7.Bg5 h6 8.Bh4 g5
9.Bg3 Bg7 10.h3 Ne5 11.f3 Nbc6 12.Bf2 Na5 13.Nd5 e6 14.Nf5 exd5 15.Nxg7+ Kf8
16.Nf5 dxe4 17.Qxd6+ Qxd6 18.Nxd6 exf3 19.O-O-O Be6 20.gxf3 Nxf3 21.Bg2 Nh4
22.Bxh4 gxh4 23.Nxb7 Nc4 24.Nc5 Rb8 25.Nxe6+ fxe6 26.Rd4 Ne3 27.Bf3 Ke7 28.Rxh4 Rhf8
29.Be2 Rf2 30.Bd3 Nxc2 31.Bxc2 Rc8 32.Rb4 Rcxc2+ 33.Kb1 Rce2 34.a4 e5 35.Rc1 Kf6
36.Rc6+ Kg5 37.Rxa6 e4 38.Re6 Kf5 39.Rxh6 e3 40.a5 Re1+ 41.Ka2 e2 42.Rb5+ Ke4
43.Re6+ Kd4 44.a6 Rff1 45.Rbe5 Ra1+ 46.Kb3 e1=Q 47.Rxe1 Rfxe1 48.Rxe1 Rxe1
49.Ka4 Kc5 50.b4+ Kb6 51.b5 Re4+  0-1

[Event "Russian Blitz Internet Cup Superfinal"]
[Site "chessassistantclub.com INT"]
[Date "2004.12.28"]
[Round "17"]
[White "Turov,M"]
[Black "Bologan,V"]
[Result "1-0"]
[WhiteElo "2543"]
[BlackElo "2669"]

1.e4 c5 2.Nc3 e6 3.f4 Nc6 4.Nf3 d5 5.Bb5 Ne7 6.Ne5 a6 7.Bxc6+ Nxc6 8.Nxc6 bxc6
9.O-O c4 10.Kh1 Bc5 11.b3 cxb3 12.axb3 a5 13.Ba3 Bxa3 14.Rxa3 O-O 15.d3 c5
16.Qd2 Bb7 17.Qf2 dxe4 18.Nxe4 Bxe4 19.dxe4 Qc7 20.Ra4 Rab8 21.Rc4 Rfc8 22.Rd1 Rb4
23.Rxc5 Qb7 24.Rd4 h6 25.Rxc8+ Qxc8 26.Rxb4 axb4 27.Qd2 Qa8 28.Qe1 Qa2 29.Qd1 Qa8
30.e5 Qe4 31.Qd8+ Kh7 32.Qd3 Qxd3 33.cxd3 g5 34.fxg5 hxg5 35.g4 f6 36.Kg2 Kg6
37.Kf3 f5 38.gxf5+ exf5 39.d4 Kf7 40.d5 Ke7 41.Kg3 Kf7 42.h4 g4 43.Kf4 Ke7
44.h5 Kf7 45.d6 Ke6 46.h6  1-0

[Event "Russian Blitz Internet Cup Superfinal"]
[Site "chessassistantclub.com INT"]
[Date "2004.12.28"]
[Round "19"]
[White "Shipov,S"]
[Black "Bologan,V"]
[Result "0-1"]
[WhiteElo "2588"]
[BlackElo "2669"]

1.d4 Nf6 2.c4 g6 3.Nc3 Bg7 4.e4 d6 5.Nf3 O-O 6.Be2 e5 7.Be3 Nbd7 8.O-O Re8
9.d5 Ng4 10.Bd2 a5 11.Ne1 Nh6 12.Nd3 f5 13.exf5 Nxf5 14.Ne4 Nf6 15.Bg5 Nd4
16.Bxf6 Bxf6 17.Bg4 Bf5 18.f3 Bg7 19.Ndf2 h5 20.Bh3 Bh6 21.Re1 Rf8 22.b3 b6
23.Ng3 Qh4 24.Nxf5 gxf5 25.g3 Qf6 26.Qd3 Kh8 27.Rf1 Rg8 28.Kh1 Raf8 29.Rad1 Bg5
30.f4 Bh6 31.Bg2 Bg7 32.fxe5 dxe5 33.Rde1 e4 34.Qd1 Qh6 35.Nh3 Be5 36.Nf4 h4
37.Ne6 hxg3 38.h3 Nxe6 39.dxe6 Rg7 40.Qd5 Bc3 41.Rxf5 Rxf5 42.Qxf5 Rg5 43.Qxe4 Re5
44.Qxe5+ Bxe5 45.e7 Qe6 46.e8=Q+ Qxe8 47.Bd5 Qh5 48.Kg2 Qg5 49.Re4 Qd2+ 50.Kf3 Qf2+
51.Kg4 g2 52.Rxe5 g1=Q+ 53.Kh5 Qff1 54.Re8+ Kg7 55.Re7+ Kf6 56.Re6+ Kf5 57.Kh6 Qg5+
58.Kh7 Qxh3+ 59.Rh6 Qhxh6+  0-1

[Event "Aeroflot Open"]
[Site "Moscow RUS"]
[Date "2005.02.22"]
[Round "8"]
[White "Bologan,V"]
[Black "Eljanov,P"]
[Result "1/2-1/2"]
[WhiteElo "2683"]
[BlackElo "2643"]

1.d4 Nf6 2.c4 g6 3.Nf3 Bg7 4.Nc3 d5 5.Qb3 dxc4 6.Qxc4 O-O 7.e4 Nfd7 8.Be2 Nb6
9.Qc5 Bg4 10.Be3 Bxf3 11.gxf3 e5 12.d5 c6 13.O-O-O cxd5 14.Nxd5 Nc6 15.Nxb6 axb6
16.Rxd8 bxc5 17.Rxa8 Rxa8 18.Bxc5 Rxa2 19.Kb1 Ra8 20.Bc4 Nd4 21.Bd5 Rc8 22.Rc1 Nxf3
23.Bxb7 Rc7 24.Be3 Rxc1+ 25.Kxc1 Nxh2 26.b4 Nf3 27.b5 Bf8 28.b6 Bd6 29.Kb2 Nd4
30.Bd5 Kf8 31.Kc3 Ke7 32.Kc4 h5 33.f4 f6 34.fxe5 fxe5 35.Bg5+ Kd7 36.Bf6 Ne2
37.Bb7 Bb8 38.Kb5 Nd4+ 39.Kc5 g5 40.Kd5 g4 41.Bh4 Bd6 42.Ba6 Bb8  1/2-1/2

[Event "ch-FRA Top 16 Poule Haute"]
[Site "Port Barcares FRA"]
[Date "2005.05.04"]
[Round "8"]
[White "Sokolov,And1"]
[Black "Bologan,V"]
[Result "1/2-1/2"]
[WhiteElo "2598"]
[BlackElo "2700"]

1.e4 c6 2.d4 d5 3.Nd2 dxe4 4.Nxe4 Nd7 5.Nf3 Ngf6 6.Nxf6+ Nxf6 7.c3 Bg4 8.h3 Bxf3
9.Qxf3 e6 10.Bd3 Qd5 11.Qxd5  1/2-1/2

[Event "ch-FRA Top 16 Poule Haute"]
[Site "Port Barcares FRA"]
[Date "2005.05.06"]
[Round "10"]
[White "Bologan,V"]
[Black "David,Alb"]
[Result "0-1"]
[WhiteElo "2700"]
[BlackElo "2579"]

1.e4 c5 2.Nf3 Nc6 3.Bb5 g6 4.Bxc6 dxc6 5.d3 Bg7 6.h3 Nf6 7.Nc3 Nd7 8.Be3 e5
9.O-O Qe7 10.Nd2 b6 11.a4 O-O 12.a5 Ba6 13.Kh1 b5 14.Re1 Rfd8 15.Nb3 c4 16.dxc4 bxc4
17.Qe2 Bf6 18.Na4 Bb5 19.Nbc5 c3 20.Nd3 cxb2 21.Naxb2 Qe6 22.Rec1 Be7 23.c4 Ba6
24.Qc2 Bf8 25.Na4 Bc8 26.Rd1 Ba6 27.Rdc1 Be7 28.f3 f6 29.Qc3 Qf7 30.Rab1 Nf8
31.Nac5 Bxc5 32.Nxc5 Bc8 33.a6 Ne6 34.Nxe6 Qxe6 35.Qa5 Rd3 36.Bc5 Qd7 37.Kg1 Kg7
38.Rb2 g5 39.Rcb1 Kg6 40.Kh2 h5 41.Rb7 Bxb7 42.Rxb7 Qd8 43.Qa4 Rc8 44.Bxa7 Qd6
45.c5 Qe6 46.Bb8 g4 47.a7 gxf3 48.Qc2 Ra3 49.gxf3 Rg8 50.Qg2+ Kh6 51.Qd2+ Kg6
52.Rb2 h4 53.Qd6 Qc4 54.Qd2 Qf1 55.Bxe5 Kh5 56.Bd4 Rxf3  0-1

[Event "XXXV Bosnia GM"]
[Site "Sarajevo BIH"]
[Date "2005.05.20"]
[Round "2"]
[White "Sokolov,I"]
[Black "Bologan,V"]
[Result "1/2-1/2"]
[WhiteElo "2662"]
[BlackElo "2700"]

1.d4 Nf6 2.c4 e6 3.Nc3 Bb4 4.Qc2 O-O 5.a3 Bxc3+ 6.Qxc3 b6 7.Bg5 Bb7 8.e3 d6
9.Ne2 Nbd7 10.Qd3 Ba6 11.Nc3 d5 12.Qc2 dxc4 13.Qa4 Qc8 14.Bxc4 Bxc4 15.Qxc4 c5
16.O-O cxd4 17.Qxd4 h6 18.Bh4 Qc6 19.Rad1 Rfc8 20.e4 Qc5 21.f4 Qh5 22.Bxf6 Nxf6
23.e5 Ne8 24.Qe4 Qf5 25.Qxf5 exf5 26.Rd7 Nc7 27.g4 fxg4 28.f5 Ne6 29.f6 Nc5
30.Re7 Ne6 31.Ne4 Rc7 32.Nd6 gxf6 33.exf6 Rf8 34.Nxf7 Rxf7 35.Rxe6 Kh7 36.Rf2 Kg6
37.Kg2 h5 38.Kg3 Rcd7 39.Kg2 Rd3 40.a4 Rd4 41.a5 bxa5 42.h3 gxh3+ 43.Kxh3 Rg4
44.Ra6 Rg5 45.Kh4 Rg4+ 46.Kh3 Rg5  1/2-1/2

[Event "XXXV Bosnia GM"]
[Site "Sarajevo BIH"]
[Date "2005.05.23"]
[Round "5"]
[White "Bologan,V"]
[Black "Dizdarevic,E"]
[Result "1-0"]
[WhiteElo "2700"]
[BlackElo "2521"]

1.e4 c6 2.d4 d5 3.e5 Bf5 4.Nf3 e6 5.Be2 Ne7 6.O-O Bg6 7.Nbd2 Nf5 8.g4 Ne7
9.Nh4 h5 10.gxh5 Bh7 11.Ndf3 Nf5 12.Ng2 c5 13.Bg5 Qb6 14.c4 cxd4 15.cxd5 Nd7
16.Nf4 Be7 17.Qa4 Rd8 18.Bb5 a6 19.Bxd7+ Rxd7 20.Rfc1 Qb5 21.Qxb5 axb5 22.Bxe7 Kxe7
23.d6+ Nxd6 24.exd6+ Kxd6 25.Nxd4 e5 26.Nxb5+ Ke7 27.Ng2 Bd3 28.Rc5 Rxh5
29.Re1 f6 30.Nc3 g5 31.Rd5 Rd6 32.Rd4 Rd5  1-0

[Event "XXXV Bosnia GM"]
[Site "Sarajevo BIH"]
[Date "2005.05.28"]
[Round "9"]
[White "Bologan,V"]
[Black "Timofeev,Arty"]
[Result "1/2-1/2"]
[WhiteElo "2700"]
[BlackElo "2622"]

1.e4 c5 2.Nf3 Nc6 3.d4 cxd4 4.Nxd4 Nf6 5.Nc3 e5 6.Ndb5 d6 7.Bg5 a6 8.Na3 b5
9.Nd5 Be7 10.Bxf6 Bxf6 11.c3 O-O 12.Nc2 Bg5 13.a4 bxa4 14.Rxa4 a5 15.Bc4 Rb8
16.b3 Kh8 17.O-O f5 18.exf5 Bxf5 19.Nce3 Bg6 20.Bd3 Bxd3 21.Qxd3 Bxe3 22.fxe3 Rxf1+
23.Qxf1 Rxb3 24.Rc4 Rb5 25.Nc7 Rb6 26.Nd5 Rb5 27.Nc7  1/2-1/2

[Event "6th EICC"]
[Site "Warsaw POL"]
[Date "2005.06.26"]
[Round "8"]
[White "Bologan,V"]
[Black "Guseinov,G"]
[Result "1/2-1/2"]
[WhiteElo "2700"]
[BlackElo "2573"]

1.d4 Nf6 2.c4 g6 3.Nc3 Bg7 4.e4 d6 5.Nf3 O-O 6.Be2 Bg4 7.Be3 Nfd7 8.Qd2 e5
9.O-O-O Nc6 10.d5 Ne7 11.h4 Bxf3 12.gxf3 h5 13.Bf1 Kh7 14.Kb1 Ng8 15.f4 exf4
16.Bxf4 Nc5 17.f3 a5 18.Bh3 a4 19.Bg5 Qb8 20.Be3 a3 21.b3 Qd8 22.Bd4 Bxd4
23.Qxd4 Qxh4 24.Bg4 Qf6 25.Qe3 h4 26.Rh2 Nh6 27.Bh3 Rfe8 28.f4 b6 29.Re1 Re7
30.Rhe2 Rae8 31.Qd2 Qg7 32.b4 Na6 33.e5 dxe5 34.Ne4 f6 35.fxe5 Rxe5 36.Be6 Rh5
37.Qc3 Rf8 38.Qxa3 Nb8 39.Qf3 f5 40.Nf2 Qd4 41.a3 Rg5 42.Rd1 Rg3 43.Rxd4 Rxf3
44.Rxh4 g5 45.Rh3 Rxh3 46.Nxh3 Kg6 47.Kc2 g4 48.Nf4+ Kg5 49.Rf2 g3 50.Rf3 Ng4
51.Ne2 g2 52.Rg3 Rh8 53.Rxg2 Rh3 54.Rg3 Rh2 55.Kd2 Kf6 56.Rf3 Nh6 57.Bc8 Rg2
58.Kd3 Rg8 59.Be6 Rg5 60.Rh3 Ng4 61.Rh8 Ne5+ 62.Kc3 Nbd7 63.Bxd7 Nxd7 64.Rh7 Ne5
65.Rxc7 Rg2 66.Nf4 Rg3+ 67.Kd4 Rg4 68.Ke3 Rg3+ 69.Ke2 Rg4 70.Nh5+ Kg6 71.Ng7 Re4+
72.Kf2 Rxc4 73.d6 Rf4+ 74.Kg3 Rg4+ 75.Kh3 f4 76.Rc3 Rg1 77.Ne6 Kf5 78.Nd4+ Ke4
79.Nc6 Nf3 80.Rc4+ Ke3 81.Rc3+ Ke4 82.Rc4+ Ke3 83.Rc3+ Ke4  1/2-1/2

[Event "6th EICC"]
[Site "Warsaw POL"]
[Date "2005.06.30"]
[Round "12"]
[White "Bologan,V"]
[Black "Jaracz,P"]
[Result "1-0"]
[WhiteElo "2700"]
[BlackElo "2530"]

1.e4 c5 2.Nf3 d6 3.d4 cxd4 4.Nxd4 Nf6 5.Nc3 a6 6.Be3 e6 7.Be2 Qc7 8.Qd2 b5
9.f3 Bb7 10.a4 b4 11.Na2 e5 12.Nb3 d5 13.Nxb4 dxe4 14.O-O Be7 15.f4 exf4
16.Rxf4 O-O 17.c4 Nbd7 18.Nd4 Bd6 19.Rh4 Ne5 20.Rf1 Nxc4 21.Bxc4 Qxc4 22.Rxf6 Bxb4
23.Qf2 Rad8 24.Rfh6 Rxd4 25.Bxd4 Qd3 26.h3 f6 27.Bc5 e3 28.Bxe3 Bd6 29.Rg4 Qb1+
30.Qf1 Bh2+ 31.Kf2 Qxb2+ 32.Ke1 Qb1+ 33.Kf2 Qb2+ 34.Ke1 Rc8 35.Qd3 Qa1+ 36.Ke2 Qb2+
37.Bd2 Re8+ 38.Kd1 Qa1+ 39.Bc1 f5 40.Rb4 Re1+ 41.Kxe1 Qxc1+ 42.Ke2 Qg5 43.Qb3+ Kh8
44.Rxb7 Qxg2+ 45.Kd1 Qh1+ 46.Kc2 Qe4+ 47.Qd3 Qg2+ 48.Kc3 Be5+ 49.Kc4  1-0

[Event "Canadian Open"]
[Site "Edmonton CAN"]
[Date "2005.07.10"]
[Round "2"]
[White "Bologan,V"]
[Black "Barber,G"]
[Result "1-0"]
[WhiteElo "2700"]
[BlackElo "2008"]

1.e4 e5 2.Nf3 Nc6 3.Bc4 Bc5 4.c3 Nf6 5.d3 d6 6.Bb3 h6 7.Nbd2 O-O 8.h3 Bb6
9.Nf1 Be6 10.g4 Bxb3 11.axb3 d5 12.Qe2 Qd7 13.Ng3 Rad8 14.g5 dxe4 15.dxe4 hxg5
16.Bxg5 Qd3 17.Bxf6 gxf6 18.Qxd3 Rxd3 19.Ke2 Rfd8 20.Nf5 R3d7 21.h4 Ne7 22.Nxe7+ Rxe7
23.Rad1 Ree8 24.h5 Kh7 25.Nh4 Bc5 26.Nf5 Bf8 27.h6 c6 28.Rdg1 Rd7 29.Rg7+ Bxg7
30.hxg7+ Kg6 31.Rh6+ Kg5 32.Rh8 Rdd8 33.Rxe8  1-0

[Event "2nd Rapid"]
[Site "D'Ajaccio FRA"]
[Date "2005.10.26"]
[Round "2"]
[White "Bologan,V"]
[Black "Rigo,Ja"]
[Result "1-0"]
[WhiteElo "2682"]
[BlackElo "2292"]

1.e4 c5 2.Nf3 d6 3.d4 cxd4 4.Nxd4 Nf6 5.Nc3 g6 6.Be3 Bg7 7.f3 Nc6 8.Qd2 O-O
9.Bc4 Bd7 10.Bb3 Rc8 11.O-O-O Ne5 12.Kb1 Nc4 13.Bxc4 Rxc4 14.g4 b5 15.b3 Rc5
16.Ne6 fxe6 17.Bxc5 dxc5 18.e5 b4 19.exf6 bxc3 20.Qxd7 Qxd7 21.Rxd7 Rxf6
22.Rxe7 Rxf3 23.Rxe6 Bd4 24.a4 Rf4 25.h3 Kf7 26.Ra6 c4 27.b4 Be3 28.Re1 Rf3
29.h4 h5 30.gxh5 gxh5 31.Rc6 Bd2 32.Rh1 Ke7 33.Rxc4 Kd6 34.Ka2 Rf5 35.Kb3 a5
36.Rc5 Rf4 37.Rxa5  1-0

[Event "2nd Rapid"]
[Site "D'Ajaccio FRA"]
[Date "2005.10.27"]
[Round "7"]
[White "Gurevich,M"]
[Black "Bologan,V"]
[Result "1-0"]
[WhiteElo "2652"]
[BlackElo "2682"]

1.c4 e5 2.g3 Nf6 3.Bg2 c6 4.d4 exd4 5.Qxd4 Na6 6.Nf3 Bc5 7.Qe5+ Qe7 8.Qxe7+ Bxe7
9.Nc3 d5 10.cxd5 Nb4 11.O-O Nbxd5 12.Nxd5 Nxd5 13.e4 Nb4 14.Bd2 O-O 15.a3 Nd3
16.Bc3 Nc5 17.Rfe1 Na4 18.Nd4 Rd8 19.e5 Bc5 20.Nxc6 bxc6 21.Bxc6 Bd7 22.Bxa8 Rxa8
23.Bb4 Bxb4 24.axb4 Nxb2 25.Rec1 a6 26.Rc7 Bb5 27.Rac1 Kf8 28.Rb7 Nc4 29.f4 Rd8
30.Rc2 g6 31.Kf2 h5 32.Rc7 Nb6 33.Rb7 Nc4 34.Rc7 Rd4 35.Ra7 g5 36.e6 fxe6
37.fxg5 h4 38.gxh4 Rxh4 39.Kg3 Rd4 40.Rf2+ Kg8 41.Rff7 Nd6 42.Rg7+ Kf8 43.Rh7 Nf5+
44.Kf3 Kg8 45.g6 Nh4+ 46.Kf2 Rd2+ 47.Kg3 Nf5+ 48.Kf4 Rd8 49.h4 Be8 50.h5 Rd4+
51.Ke5 Rxb4 52.Ra8 Rb5+ 53.Kf6 Nd6 54.Rg7+ Kf8 55.h6 Ne4+ 56.Kxe6 Ng5+ 57.Kd6 Ne4+
58.Kc7 Rc5+ 59.Kb6 Rc6+ 60.Ka7 Nd6 61.Rf7+ Nxf7 62.g7+ Ke7 63.g8=Q Rc7+ 64.Kxa6 Nd6
65.Qg5+ Kd7 66.Qg4+ Kc6 67.Qf3+ Kd7 68.Ka5 Nc4+ 69.Kb4 Ne5 70.Qf5+ Kd6 71.Ra6+ Nc6+
72.Ka3 Rf7 73.Qe4 Re7 74.Qd3+ Kc7 75.Qd1 Nb8  1-0

[Event "1st Rapid"]
[Site "Venaco FRA"]
[Date "2005.10.28"]
[Round "1"]
[White "Bologan,V"]
[Black "Costa,PM"]
[Result "1-0"]
[WhiteElo "2682"]
[BlackElo "1952"]

1.e4 e6 2.d4 d5 3.Nc3 Bb4 4.e5 c5 5.a3 Bxa3 6.bxa3 Qc7 7.Nf3 Nc6 8.Bf4 Nge7
9.h4 h5 10.Qd2 Bd7 11.Be2 Rc8 12.O-O Nf5 13.Rfb1 Na5 14.Bd3 g6 15.Bg5 Nc6
16.Bf6 Rg8 17.Bxf5 gxf5 18.Qh6 Ne7 19.Ng5 Rf8 20.Bg7 Ng8 21.Qxh5 Bc6 22.Nxe6 Qd8  1-0

[Event "Gibtelecom Masters"]
[Site "Gibraltar ENG"]
[Date "2006.02.01"]
[Round "9"]
[White "Arizmendi Martinez,J"]
[Black "Bologan,V"]
[Result "1/2-1/2"]
[WhiteElo "2534"]
[BlackElo "2661"]

1.e4 g6 2.d4 Bg7 3.Nf3 d6 4.Be2 Nd7 5.O-O e5 6.dxe5 dxe5 7.b3 Ngf6 8.Nbd2 O-O
9.a4 a5 10.Bb2 Re8 11.Re1 Qe7 12.Bf1 Rd8 13.Qe2 b6 14.Qc4 Ra7 15.Rad1 Ne8
16.Qc3  1/2-1/2

[Event "7th Karpov"]
[Site "Poikovsky RUS"]
[Date "2006.03.20"]
[Round "3"]
[White "Bologan,V"]
[Black "Zvjaginsev,V"]
[Result "0-1"]
[WhiteElo "2661"]
[BlackElo "2664"]

1.e4 c5 2.Nf3 Nc6 3.d4 cxd4 4.Nxd4 g6 5.Nc3 Bg7 6.Be3 Nf6 7.Bc4 O-O 8.Bb3 e6
9.f4 d6 10.h3 Na5 11.O-O b6 12.f5 exf5 13.exf5 Nxb3 14.axb3 Bb7 15.Qd2 Nh5
16.Bh6 Bxh6 17.Qxh6 Qh4 18.Nf3 Bxf3 19.Rxf3 Qd4+ 20.Kh1 Rae8 21.Rd1 Qh4 22.Kh2 Re1
23.g4 Rxd1 24.gxh5 Qxh5 25.Qf4 Re1 26.Rg3 Rfe8 27.Rg5 Rf1  0-1

[Event "7th Karpov"]
[Site "Poikovsky RUS"]
[Date "2006.03.22"]
[Round "5"]
[White "Bologan,V"]
[Black "Ponomariov,R"]
[Result "1-0"]
[WhiteElo "2661"]
[BlackElo "2723"]

1.e4 e5 2.Nf3 Nc6 3.Bb5 a6 4.Ba4 Nf6 5.O-O Be7 6.Re1 b5 7.Bb3 O-O 8.h3 Bb7
9.d3 d6 10.a3 Qd7 11.Nbd2 Rae8 12.c3 d5 13.a4 dxe4 14.Nxe4 Rd8 15.axb5 axb5
16.Ng3 h6 17.Bc2 Rfe8 18.Nxe5 Nxe5 19.Rxe5 Bd6 20.Rxe8+ Rxe8 21.Bd2 c5 22.Qf1 Qc7
23.Ne4 Bxe4 24.dxe4 Qc6 25.c4 Bh2+ 26.Kh1 Bc7 27.e5 Bxe5 28.cxb5 Qd6 29.Rd1 Qb6
30.b3 Bb8 31.Bc3 Qc7 32.g3 Qb7+ 33.Kg1 Nd7 34.Qd3 Nf8 35.Re1 Rxe1+ 36.Bxe1 Ne6
37.Bc3 Kf8 38.b4 Qc7 39.Bb3 Nd4 40.b6 Qxb6 41.bxc5 Qxb3 42.Qxd4 f6 43.c6 Bc7
44.Bb4+ Kg8 45.Bd6 Bb6 46.Bc5 Ba5 47.Qd6 Qf7 48.Qb8+ Kh7 49.Qb7 Qc7 50.Qb1+ Kg8
51.Qe4 Qd8 52.Qe6+ Kh8 53.Bd6 Bb6 54.Kh2 Kh7 55.h4 h5 56.Qf5+ g6 57.Qe6 Kg7
58.Kg2 Ba5 59.Be7 Qd4 60.Qd7 Qe4+ 61.Kh2 Qc2 62.Bc5+ Kh6 63.Bf8+  1-0

[Event "TCh-FRA Top 16 Gp B"]
[Site "Gonfreville FRA"]
[Date "2006.03.30"]
[Round "4"]
[White "Delchev,A"]
[Black "Bologan,V"]
[Result "1-0"]
[WhiteElo "2661"]
[BlackElo "2661"]

1.e4 e5 2.Bc4 Nf6 3.d3 Nc6 4.Nf3 Be7 5.O-O O-O 6.Re1 d6 7.a4 Kh8 8.a5 a6
9.c3 h6 10.Nbd2 Nh7 11.d4 exd4 12.cxd4 f5 13.d5 Ne5 14.Nxe5 dxe5 15.Nf3 Bd6
16.exf5 e4 17.Nd4 Bxf5 18.Nxf5 Rxf5 19.Rxe4 Nf6 20.Re6  1-0

[Event "TCh-FRA Top 16 Gp B"]
[Site "Gonfreville FRA"]
[Date "2006.03.31"]
[Round "5"]
[White "Bologan,V"]
[Black "Buhmann,R"]
[Result "1-0"]
[WhiteElo "2661"]
[BlackElo "2546"]

1.e4 e6 2.d4 d5 3.Nc3 Nf6 4.e5 Nfd7 5.f4 c5 6.Nf3 Nc6 7.Be3 cxd4 8.Nxd4 Bc5
9.Qd2 O-O 10.O-O-O a6 11.Kb1 Qc7 12.Qf2 Nxd4 13.Bxd4 b5 14.Bd3 Bxd4 15.Qxd4 Qc5
16.Ne2 b4 17.Rc1 Qxd4 18.Nxd4 Nc5 19.Rhd1 f6 20.c3 fxe5 21.fxe5 Nxd3 22.Rxd3 bxc3
23.Rcxc3 Bd7 24.Rc7 Be8 25.Rf3 Bh5 26.Rxf8+ Rxf8 27.b4 Rf2 28.Nxe6 Rxg2 29.Nf4 Rxh2
30.e6 Kf8 31.Nxd5 Bg6+ 32.Kc1 Be8 33.Rc8 Rh4 34.Nc7  1-0

[Event "TCh-FRA Top 16 Gp B"]
[Site "Gonfreville FRA"]
[Date "2006.04.02"]
[Round "7"]
[White "Bologan,V"]
[Black "Doettling,F"]
[Result "1-0"]
[WhiteElo "2661"]
[BlackElo "2542"]

1.e4 c6 2.d4 d5 3.e5 c5 4.Nf3 Nc6 5.c4 Bg4 6.cxd5 Qxd5 7.Nc3 Bxf3 8.Nxd5 Bxd1
9.Nc7+ Kd8 10.Nxa8 Bh5 11.d5 Nb4 12.Be3 Nc2+ 13.Kd2 Nxe3 14.Kxe3 g5 15.h4 g4
16.f4 gxf3 17.gxf3 Bh6+ 18.Kf2 Bf4 19.Re1 f6 20.Bh3 fxe5 21.Rc1 Bxc1 22.Rxc1 Be8
23.Rxc5 Bd7 24.Bxd7 Kxd7 25.Rc7+ Kd6 26.Rc8 Kxd5 27.a4 Ke6 28.Rf8 Kd7 29.b4 b6
30.b5 Kd6 31.Rd8+ Kc5 32.Ke3 Kb4 33.Kd3  1-0

[Event "XIII TCh-RUS"]
[Site "Sochi RUS"]
[Date "2006.04.20"]
[Round "1"]
[White "Bologan,V"]
[Black "Tomashevsky,E"]
[Result "1-0"]
[WhiteElo "2666"]
[BlackElo "2595"]

1.e4 e5 2.Nf3 Nc6 3.Bc4 Nf6 4.d3 Bc5 5.c3 d6 6.Nbd2 a6 7.Bb3 Ba7 8.Nf1 h6
9.Ng3 Be6 10.O-O Qd7 11.Re1 O-O 12.h3 Bxb3 13.axb3 d5 14.b4 dxe4 15.dxe4 Qxd1
16.Rxd1 Rfd8 17.Rxd8+ Rxd8 18.Kf1 Ne8 19.h4 Nd6 20.h5 f6 21.Ke2 Kf7 22.Nd2 Ne7
23.Nb3 Bb6 24.Na5 Ke6 25.f3 Rd7 26.Nf1 Bxa5 27.Rxa5 Nc4 28.Ra1 f5 29.b3 Nd6
30.exf5+ Ndxf5 31.Bd2 Nd5 32.g4 Nd6 33.c4 Nf4+ 34.Bxf4 exf4 35.Rd1 Re7 36.Rd4 Kf6+
37.Kf2 Kg5 38.Rd5+ Kh4 39.Rd4 Kg5 40.Rd5+ Kh4 41.Nd2 Nf7 42.Ne4 Ne5 43.Rd4 b6
44.c5 Kh3 45.Nc3 Kh2 46.Ne2 Nf7 47.Nxf4 Ng5 48.c6 Rf7 49.Ke3 Re7+ 50.Kf2 Rf7
51.Rc4 b5 52.Rd4 Rf6 53.Ke3 Kg3 54.Ne2+ Kg2 55.Nf4+ Kg3 56.Ne2+ Kg2 57.f4 Re6+
58.Kd3 Nf3 59.Rd7 Rxc6 60.Rxg7 Rd6+ 61.Kc3 Kf2 62.Re7 Rc6+ 63.Kb2 Rf6 64.f5 Ng5
65.Nc3 Kf3 66.Nd5 Rd6 67.Nxc7 Kxg4 68.Ne8 Rd8 69.Ng7 Rf8 70.Kc3 Rf7 71.Rxf7 Nxf7
72.Kd4 Kg5 73.Ke4 Kf6 74.Ne8+ Kg5 75.f6 Kg4 76.Nc7 Kg5 77.Nd5 Kg4 78.Ne7 Kg5
79.Ng8 Kg4 80.Kd5 Kf5 81.Kc6 Kg5 82.Kd7 Kxh5 83.Ke6 Nd8+ 84.Ke7 Nc6+ 85.Ke8  1-0

[Event "XIII TCh-RUS"]
[Site "Sochi RUS"]
[Date "2006.04.22"]
[Round "3"]
[White "Khairullin,I"]
[Black "Bologan,V"]
[Result "0-1"]
[WhiteElo "2544"]
[BlackElo "2666"]

1.e4 c6 2.d4 d5 3.e5 Bf5 4.Nf3 e6 5.Be2 Nd7 6.O-O h6 7.Nbd2 Ne7 8.c3 a6 9.Ne1 c5
10.Ndf3 Nc6 11.a3 c4 12.Nc2 Be7 13.Ne3 Bh7 14.Nd2 O-O 15.f4 Kh8 16.Qe1 f6
17.Bg4 fxe5 18.fxe5 Ndxe5 19.dxe5 Nxe5 20.Rxf8+ Bxf8 21.Be2 Bc5 22.Nf1 Qb6
23.Kh1 Rf8 24.Nd1 Nc6 25.Be3 Bxe3 26.Nfxe3 Na5 27.a4 Nb3 28.Ra3 Be4 29.Ng4 a5
30.Ngf2 Bc2 31.Bf3 Nc5 32.Qe3 Qd6 33.Ra1 Nb3 34.Ra3 e5 35.Qe2 Bh7 36.Kg1 b6
37.Bg4 Bg8 38.Ne3 Qg6 39.Ned1 d4 40.Bf3 Qg5 41.Be4 Nc1 42.Qe1 d3 43.Qe3 Ne2+
44.Kf1 Qh4 45.h3 Ng3+ 46.Kg1 Rf4 47.Bf3 e4 48.Bg4 h5 49.Bc8 Bd5 50.Qxb6 e3
51.Qxe3 Qg5 52.h4 Ne2+ 53.Kf1 Qxg2+ 54.Ke1 Ng3 55.Bh3 Qg1+ 56.Kd2 Re4 57.Nxe4 Nxe4+
58.Kc1 Qh2 59.Nf2 d2+ 60.Kc2 Nxf2 61.Qe8+ Bg8 62.Kxd2 Nxh3+ 63.Kc1 Nf4 64.Kb1 Qh1+
65.Kc2 Qg2+ 66.Kb1 Qf1+ 67.Ka2 Qd1  0-1

[Event "XIII TCh-RUS"]
[Site "Sochi RUS"]
[Date "2006.04.24"]
[Round "5"]
[White "Bologan,V"]
[Black "Efimenko,Z"]
[Result "1/2-1/2"]
[WhiteElo "2666"]
[BlackElo "2648"]

1.e4 c5 2.Nf3 d6 3.d4 cxd4 4.Nxd4 Nf6 5.Nc3 a6 6.Be3 e5 7.Nb3 Be6 8.Qd2 Nbd7
9.f3 Be7 10.O-O-O O-O 11.g4 b5 12.g5 Nh5 13.Nd5 Bxd5 14.exd5 f5 15.gxf6 Bxf6
16.Na5 Nf4 17.Nc6 Qc7 18.Kb1 Nb6 19.Bxf4 exf4 20.c3 Rae8 21.Rg1 Re3 22.Rg4 Rxf3
23.Bd3 Qf7 24.Rxf4 Rxf4 25.Qxf4 Qh5 26.Rf1 Qxd5 27.Nb4 Qb7 28.Qxd6 Re8 29.Qf4 Re5
30.Qg4 Nd5 31.Nxd5 Qxd5 32.Bc2 Qd8 33.a3 g6 34.Rd1 Qf8 35.Rd7 Re7 36.Rd5 Kg7
37.h4 Qf7 38.Rd1 Qe6 39.Qb4  1/2-1/2

[Event "XIII TCh-RUS"]
[Site "Sochi RUS"]
[Date "2006.04.27"]
[Round "8"]
[White "Galkin,A"]
[Black "Bologan,V"]
[Result "1/2-1/2"]
[WhiteElo "2618"]
[BlackElo "2666"]

1.e4 c5 2.Nf3 d6 3.d4 cxd4 4.Nxd4 Nf6 5.Nc3 a6 6.Be2 e5 7.Nb3 Be7 8.O-O O-O
9.Kh1 Nc6 10.f3 b5 11.a4 b4 12.Nd5 Nxd5 13.Qxd5 Qc7 14.Bc4 Be6  1/2-1/2

[Event "10th Petr Izmailov Mem"]
[Site "Tomsk RUS"]
[Date "2006.07.15"]
[Round "6"]
[White "Ponomariov,R"]
[Black "Bologan,V"]
[Result "1-0"]
[WhiteElo "2721"]
[BlackElo "2645"]

1.d4 Nf6 2.c4 g6 3.Nc3 Bg7 4.e4 d6 5.Nge2 O-O 6.Ng3 c6 7.Be2 a6 8.Be3 Nbd7
9.O-O e5 10.d5 cxd5 11.cxd5 h5 12.Rc1 Nh7 13.Qd2 h4 14.Nh1 f5 15.exf5 gxf5
16.f4 exf4 17.Bxf4 Ne5 18.Nf2 Bd7 19.Kh1 Rc8 20.Nh3 b5 21.a3 Qf6 22.Be3 Ng6
23.Bh5 Ne5 24.Be2 Ng6 25.Nf4 Nxf4 26.Bxf4 Qg6 27.Bd3 Rfe8 28.Qf2 Nf6 29.Qxh4 Ne4
30.Nxe4 fxe4 31.Be2 Bf6 32.Bh5 Qf5 33.Qg3+ Kh7 34.Bxe8 Rxe8 35.Bxd6 Qg6 36.Rc7  1-0

[Event "TCh-ESP Honor Gp1"]
[Site "Olite ESP"]
[Date "2006.09.07"]
[Round "2"]
[White "Bologan,V"]
[Black "Krasenkow,M"]
[Result "1-0"]
[WhiteElo "2645"]
[BlackElo "2635"]

1.e4 e5 2.Nf3 Nc6 3.Bc4 Bc5 4.c3 Nf6 5.d3 a6 6.Nbd2 Ba7 7.Bb3 O-O 8.h3 d5
9.exd5 Nxd5 10.Ne4 Bf5 11.Ng3 Bg6 12.O-O Nf4 13.Bxf4 exf4 14.Ne4 Bxe4 15.dxe4 Qf6
16.Qd5 Rad8 17.Qf5 Qxf5 18.exf5 Na5 19.Rfe1 Nxb3 20.axb3 f6 21.Kf1 Kf7 22.Ra4 Rfe8
23.Rxf4 Rxe1+ 24.Kxe1 Re8+ 25.Kf1 Rd8 26.Re4 Rd1+ 27.Re1 Rd5 28.g4 c6 29.Re2 Rd1+
30.Kg2 Rb1 31.Rd2 Ke7 32.Ng1 Bb8 33.Ne2 Be5 34.b4 Ke8 35.Rc2 Rd1 36.Nc1 b6
37.Nb3 Re1 38.Nd2 Bf4 39.Nf3 Rc1 40.Re2+ Kd7 41.Nd4 Bd6 42.Ne6 g5 43.Rd2 Ke7
44.Nd8 c5 45.bxc5 Bxc5 46.Nb7 Rb1 47.b4 Bxb4 48.cxb4 Rxb4 49.Rd6 a5 50.Re6+ Kd7
51.Rxf6  1-0

[Event "TCh-ESP Honor Gp1"]
[Site "Olite ESP"]
[Date "2006.09.08"]
[Round "3"]
[White "Sasikiran,K"]
[Black "Bologan,V"]
[Result "1/2-1/2"]
[WhiteElo "2675"]
[BlackElo "2645"]

1.e4 c5 2.Nf3 d6 3.d4 cxd4 4.Nxd4 Nf6 5.Nc3 a6 6.a4 e5 7.Nf3 h6 8.Bc4 Be6
9.Qe2 Qc7 10.Ba2 Be7 11.O-O O-O 12.Rd1 Rc8 13.Be3 Nbd7 14.Nh4 Bxa2 15.Rxa2 Bf8
16.Nf5 Kh7 17.Bc1 Qc6 18.f3 Nb6 19.Ne3 Nc4 20.Ned5 Nxd5 21.Nxd5 Nb6 22.Nxb6 Qxb6+
23.Be3  1/2-1/2

[Event "TCh-ESP Honor Gp1"]
[Site "Olite ESP"]
[Date "2006.09.10"]
[Round "5"]
[White "De la Riva Aguado,O"]
[Black "Bologan,V"]
[Result "0-1"]
[WhiteElo "2517"]
[BlackElo "2645"]

1.e4 c5 2.Nf3 d6 3.d4 cxd4 4.Nxd4 Nf6 5.Nc3 a6 6.Be3 e5 7.Nf3 Be7 8.Bc4 O-O
9.O-O Be6 10.Bb3 Nc6 11.Bg5 Nd7 12.Bxe7 Qxe7 13.Nd5 Qd8 14.Qe2 Nc5 15.Rfd1 Kh8
16.c3 f5 17.exf5 Bxf5 18.Ne3 Bd3 19.Rxd3 e4 20.Rdd1 exf3 21.Qd2 Nxb3 22.axb3 fxg2
23.Qxd6 Qe8 24.Qd7 Qh5 25.Qg4 Qf7 26.Qxg2 Rae8 27.Ra4 Ne5 28.Kh1 Nf3 29.Qg3 h6
30.Rc4 Ng5 31.Rc7 Ne4 32.Rxf7 Nxg3+ 33.hxg3 Rxf7 34.Kg2 Ree7 35.Rd2 Rd7 36.Nd5 Rfe7
37.Kf1 Re4 38.Rd3 b5 39.f3 Re8 40.c4 a5 41.Rc3 Rb8 42.Rc2 bxc4 43.bxc4 Rdb7  0-1